「帰れま10」のランキングから店名を当てる #1 - Statistics

General Stats
  • This quiz has been taken 283 times
  • The average score is 6 of 10
Answer Stats
答え % Correct
ミスタードーナツ
99%
ケンタッキーフライドチキン
95%
すき家
92%
丸亀製麺
86%
PIZZA-LA
78%
焼肉きんぐ
60%
シャトレーゼ
58%
バーミヤン
40%
すし銚子丸
17%
つるとんたん
14%
No matching quizzes found
Score Distribution
Percent of People with Each Score
Percentile by Number Answered
Your Score History
You have not taken this quiz